000 01754cam a22004334i 4500
003 PE-LiUPU
005 20250731184611.0
008 150625s r 000 0 spa d
035 _a(Sirsi) a34655
035 _a(Sirsi) a34655
040 _aPE-LiUPU
_bspa
_cPE-LiUPU
_erda
_dPE-LiUPU
082 0 4 _a985.04
_bD
_221
100 1 _aTemple, Ella Dunbar,
_d1917-1998,
_eautor.
245 1 3 _aLa universidad de San Marcos en el proceso de la emancipación peruana :
_bPrólogo a "La Universidad" - Tomo XIX (Vols. 1-3) de la Colección Documental de la Independencia del Perú /
_cElla Dunbar Temple.
264 1 _aLima :
_bComisión Nacional del Sesquicentenario de la Independencia del Perú,
_c1974.
300 _a191 páginas :
_c24 centímetros.
336 _atext
_2rdacontent
337 _aunmediated
_2rdamedia
338 _avolume
_2rdacarrier
490 0 _aColección Documental de la Independencia del Perú ;
_vT XIX, Prólogo
500 _aTítulo tomado de la cubierta. Título de la portada: "Tomo XIX. La Universidad. Libros de posesiones de cátedras y actos académicos, 1789-1826. Grados de bachilleres en cánones y leyes. Grados de abogados. Volúmenes 1 - 3"
526 _aP136
526 _aP135
526 _aP134
526 _aP133
526 _aP144
526 _aP143
526 _aP87
526 _aP35
526 _aP20
526 _aP14
526 _aP10
526 _aP06
650 0 4 _aUniversidad
_zPerú
_xHistoria.
_vCrítica, interpretación, etc.
710 _aComisión Nacional del Sesquicentenario de la Independencia del Perú
_91028
942 _2ddc
_cBK
980 _81
_gALBERTO SANCHEZ Responsable de Automatización
_618226
_aJaime Vilcazán Jefe de Análisis Documental
999 _c61771
_d61771